MARC details
| 000 -LÍDER |
| campo de controle de tamanho fixo |
01359naa a22003617a 4500 |
| 001 - NÚMERO DE CONTROLE |
| campo de controle |
BR8900992 |
| 003 - IDENTIFICADOR DO NÚMERO DE CONTROLE |
| campo de controle |
BR-BrBNA |
| 005 - DATA E HORÁRIO DA ÚLTIMA TRANSAÇÃO |
| campo de controle |
20250721155346.0 |
| 007 - CAMPO FIXO DE DESCRIÇÃO FÍSICA--INFORMAÇÃO GERAL |
| campo de controle de tamanho fixo |
ta |
| 008 - CAMPO DE DADOS FIXOS--INFORMAÇÃO GERAL |
| campo de controle de tamanho fixo |
250630b bl.|||m| |||| 00| 0 por d |
| 040 ## - FONTE DA CATALOGAÇÃO |
| Instituição da catalogação original |
BR-BrBNA |
| Idioma da catalogação |
por |
| Instituição que transcreveu o registro |
Biblioteca Nacional de Agricultura |
| 041 ## - CÓDIGO DE IDIOMA |
| Código do idioma do texto/trilha sonora ou título diferente |
(Pt) |
| 072 ## - CÓDIGO DE CATEGORIA DE ASSUNTO |
| Código de Categoria de Assunto |
F04; F61 |
| Código do objeto |
0240 |
| -- |
3820 |
| -- |
3830 |
| -- |
3810 |
| 090 ## - NÚMERO DE CHAMADA LOCAL |
| Número de chamada |
F04 BR8900992 |
| 100 1# - ENTRADA PRINCIPAL--NOME PESSOAL |
| Nome pessoal |
Silva, H. |
| 100 1# - ENTRADA PRINCIPAL--NOME PESSOAL |
| Nome pessoal |
Amorim, H.V. |
| 100 1# - ENTRADA PRINCIPAL--NOME PESSOAL |
| Nome pessoal |
Rosolem, C.A. |
| 100 1# - ENTRADA PRINCIPAL--NOME PESSOAL |
| Nome pessoal |
Silva, A.Q. da |
| 100 1# - ENTRADA PRINCIPAL--NOME PESSOAL |
| Nome pessoal |
Malavolta, E. |
| 111 1# - ENTRADA PRINCIPAL--NOME DO EVENTO |
| Nome do evento ou lugar |
16. Congresso Nacional de Milho e Sorgo |
| Local do evento |
Belo Horizonte, MG (Brazil) |
| Data do evento ou assinatura do tratado |
4-8 Aug 1986 |
| 245 1# - TÍTULO |
| Título |
Teores de nutrientes nas folhas e no caldo de sorgo sacarino (Sorghum bicolor L. Moench), em funcao de dez doses de fertilizantes com NPK |
| 490 ## - TÍTULO DA SÉRIE |
| Título da série |
Documentos - Centro Nacional de Pesquisa de Milho e Sorgo (Brazil) |
| Número do volume ou designação sequencial da série |
no. 6 |
| 500 ## - NOTA GERAL |
| Nota geral |
16. Congresso Nacional de Milho e Sorgo. Anais<br/>Sete Lagoas, MG (Brasil): 1988. p. 465-472 [Summaries (En, Pt); 25 ref.]<br/>(BR8900992-AMS)<br/> |
| 650 ## - ASSUNTO--TERMO TÓPICO |
| Cabeçalho tópico ou nome geográfico |
SORGO ACUCAREIRO |
| 650 ## - ASSUNTO--TERMO TÓPICO |
| Cabeçalho tópico ou nome geográfico |
NPK |
| 650 ## - ASSUNTO--TERMO TÓPICO |
| Cabeçalho tópico ou nome geográfico |
NITROGENIO |
| 650 ## - ASSUNTO--TERMO TÓPICO |
| Cabeçalho tópico ou nome geográfico |
POTASSIO |
| 650 ## - ASSUNTO--TERMO TÓPICO |
| Cabeçalho tópico ou nome geográfico |
FOSFORO |
| 650 ## - ASSUNTO--TERMO TÓPICO |
| Cabeçalho tópico ou nome geográfico |
NUTRICAO VEGETAL |
| 773 0# - ENTRADA ANALÍTICA |
| Título |
16. Congresso Nacional de Milho e Sorgo. Anais |
| Número de controle do registro |
F04 BR8900992 |
| Partes relacionadas |
Sete Lagoas, MG (Brasil), 1988. p. 465-472 |
| 942 ## - ELEMENTOS DE ENTRADA ADICIONADOS (KOHA) |
| Tipo de material Koha |
Analítica de Monografia Seriada |
| Fonte da classificação ou esquema de arquivamento na estante |
Classificação AGRIS |
| 909 ## - |
| -- |
202506 |
| -- |
Lúcia |
| -- |
55 |
| -- |
Lúcia Elande |